ARRUPE JESUIT UNIVERSITY

CORONAVIRUS -STOP THE SPREAD - CLEAN,DISINFECT,COVER

The spiritual in the secular : (Record no. 118157)

MARC details
000 -LEADER
fixed length control field 01080cam a2200301 a 4500
001 - CONTROL NUMBER
control field 17170456
003 - CONTROL NUMBER IDENTIFIER
control field ARRUPE
005 - DATE AND TIME OF LATEST TRANSACTION
control field 20130930170552.0
008 - FIXED-LENGTH DATA ELEMENTS--GENERAL INFORMATION
fixed length control field 120217s2012 miu b 001 0 eng
010 ## - LIBRARY OF CONGRESS CONTROL NUMBER
LC control number 2012004738
020 ## - INTERNATIONAL STANDARD BOOK NUMBER
International Standard Book Number 9780802866349 (pbk. : alk. paper)
040 ## - CATALOGING SOURCE
Original cataloging agency DLC
Transcribing agency DLC
Modifying agency DLC
042 ## - AUTHENTICATION CODE
Authentication code pcc
043 ## - GEOGRAPHIC AREA CODE
Geographic area code f------
050 00 - LIBRARY OF CONGRESS CALL NUMBER
Classification number BV3500
Item number .S64 2012
300 ## - PHYSICAL DESCRIPTION
Dimensions 24 cm.
100 ## - MAIN ENTRY--PERSONAL NAME
Personal name Harries, Patrick
9 (RLIN) 1726
245 04 - TITLE STATEMENT
Title The spiritual in the secular :
Remainder of title missionaries and knowledge about Africa /
Statement of responsibility, etc edited by Patrick Harries & David Maxwell.
260 ## - PUBLICATION, DISTRIBUTION, ETC. (IMPRINT)
Place of publication, distribution, etc Grand Rapids, Mich. :
Name of publisher, distributor, etc W.B. Eerdmans Pub. Co.,
Date of publication, distribution, etc 2012.
300 ## - PHYSICAL DESCRIPTION
Extent xvi, 341 p. ;
490 0# - SERIES STATEMENT
Series statement Studies in the history of Christian missions
504 ## - BIBLIOGRAPHY, ETC. NOTE
Bibliography, etc Includes bibliographical references and index.
650 #0 - SUBJECT ADDED ENTRY--TOPICAL TERM
Topical term or geographic name as entry element Missions
Geographic subdivision Africa.
9 (RLIN) 1727
700 1# - ADDED ENTRY--PERSONAL NAME
Personal name Harries, Patrick.
9 (RLIN) 1728
700 1# - ADDED ENTRY--PERSONAL NAME
Personal name Maxwell, David,
Dates associated with a name 1963-
9 (RLIN) 1729
906 ## - LOCAL DATA ELEMENT F, LDF (RLIN)
a 7
b cbc
c orignew
d 1
e ecip
f 20
g y-gencatlg
942 ## - ADDED ENTRY ELEMENTS (KOHA)
Source of classification or shelving scheme Library of Congress Classification
Koha item type Monograph ( Printed materials)

No items available.

 

Arrupe Library. PO Box MP320 Mt Pleasant, Harare, Zimbabwe
263 242 745411|librarian@aju.ac.zw